000 00588nam a2200241Ia 4500
003 OSt
005 20220912144935.0
006 a|||||r|||| 00| 0
007 ta
008 220909b |||||||| |||| 00| 0 eng d
024 _a86346
037 _cTextbook
040 _aCSL
_beng
_cCSL
041 _aeng
082 _aC, L9;M8;2;1
100 _aGupta R C
245 0 _aViva voce in physics
260 _aMeerut
_bPragati
_c1988
300 _av.p.
_ccm.
942 _hC, L9;M8;2;1
_cTB
_2CC
999 _c19494
_d19494